000 00591nam a2200193Ia 4500
005 20230221095333.0
008 131103s9999 xx 000 0 und d
040 _aLoreto College
041 _aEnglish
082 _a821(I)
_bNAI
100 _aNair, K. R. Ramachandran
245 _aThree indo-anglian poets
_b Henry Derozio; Toru Dutt and Sarojine Naidu
_cK. R. Ramachandran Nair
260 _aNew Delhi
_bSterling Pub
_c1987
300 _a122p.
504 _aIncludes bibliographical references and index
650 _aEnglish Poetry - Collections
850 _aLCLIB
942 _cBK
999 _c13019
_d63498